000 00621nam a2200181Ia 4500
008 090123s9999 xx 000 0 und d
082 _b17812
100 _aबिनीवाले अविनाश
245 _aगरुडांच्या देशात
250 _a1
260 _bमाधुरी प्रकाशन
_c1988
300 _a108
600 _aबिनीवाले अविनाश
630 _aगरुडांच्या देशात
700 _aबिनीवाले अविनाश
730 _aगरुडांच्या देशात
942 _cBOOK
999 _c55871
_d55871